|
|
|
|
| LEADER |
00000nam a2200000 a 4500 |
| 001 |
vtls010579910 |
| 003 |
SK-MaSNL |
| 005 |
20260302013206.0 |
| 008 |
191112s2010 xr oab g 001 0 cze |
| 020 |
|
|
|a 9788072177691 (brož.)
|
| 040 |
|
|
|a SNK
|b slo
|c SNK
|e AACR2
|
| 041 |
1 |
|
|a cze
|h eng
|
| 044 |
|
|
|a xr
|c CZ
|
| 072 |
|
7 |
|a 913(4)
|x Geografia Európy, reálie, cestovanie
|2 konspekt
|
| 080 |
|
|
|a 913(439)
|2 2001
|
| 080 |
|
|
|a (036)913
|2 2001
|
| 100 |
1 |
|
|a Longley, Norm
|4 aut
|4 com
|9 356134
|
| 240 |
1 |
4 |
|a The rough guide to Hungary
|l Česky
|
| 245 |
1 |
0 |
|a Maďarsko
|b [turistický průvodce]
|c napsal a sestavil Norm Longley ; spolupracovali Tim Burford, Charles Hebbert a Dan Richardson ; [z anglického originálu přeložili a aktualizovali Vanda Ohnisková a Jan Kozák]
|
| 246 |
1 |
4 |
|a Turistický průvodce - Maďarsko
|
| 250 |
|
|
|a 2. vyd.
|
| 260 |
|
|
|a Brno
|b Jota
|c 2010
|
| 300 |
|
|
|a xvi, 477 s., [8] s. fareb. obr. príl.
|b fotogr., ilustr., mp.
|c 20 cm
|
| 500 |
|
|
|a Celkove 7. angl. vyd.
|
| 651 |
|
7 |
|a Maďarsko
|2 SNKPH
|9 16754
|
| 651 |
|
7 |
|a Hungary
|2 SNKPHeng
|9 265263
|
| 655 |
|
7 |
|a turistickí sprievodcovia (publikácie)
|2 SNKPH
|9 191298
|
| 655 |
|
7 |
|a Tourist guidebooks
|2 SNKPHeng
|9 291226
|
| 700 |
1 |
|
|a Burford, Tim
|4 clb
|9 331478
|
| 700 |
1 |
|
|a Hebbert, Charles
|4 clb
|9 656178
|
| 700 |
1 |
|
|a Richardson, Dan,
|d 1958-
|4 clb
|9 656179
|
| 700 |
1 |
|
|a Senko Ohnisková, Vanda,
|d 1966-
|4 trl
|9 656180
|
| 700 |
1 |
|
|a Kozák, Jan,
|d 1970-
|4 trl
|9 178086
|
| 919 |
|
|
|a 978-80-7217-769-1
|
| 999 |
|
|
|c 1012021
|d 1013951
|
| 952 |
|
|
|t snkMAD 908.11.9
|a SNKUST
|b SNKUST
|y PREZ
|7 0
|p 17A1106926
|o snkID 98824
|i snk2014/7389
|8 4
|g 20.72
|z Dokument neobsahuje príl.
|0 0
|1 0
|4 0
|d 2014-03-03
|l 0
|r 2025-05-28 00:00:00
|w 2026-02-24
|